000 00303nam a22001337a 4500
008 170804b xxu||||| |||| 00| 0 eng d
020 _a9783815820322
041 _aeng
080 _a004
100 _a32
101 _aSHKI
245 _aNETZWERKE UNTER WINDOWS
_cFORDERMAIER, M
942 _2udc
_cBK
999 _c22673
_d22673